000 00752nam a22002177a 4500
005 20250328120841.0
010 _aENG-144360 1718EN-30
020 _a9780670089536
_c299.00
035 _aB-683441-457
035 _aEN-127892
037 _bBSB
_adpl
037 _bDBAD
082 _aN
100 _aCoelho, Paulo
_980004
245 _aThe spy :
_cby Paulo Coelho; translated by Zoe Perry
_ba novel /
260 _aGurgaon
_bPenguin
_c2016
270 _a7th Floor, Infinity Tower C, DLF Cyber City,
_bGurgaon
_e122002
300 _a186p.
_c18cm(Hb)
942 _2ddc
_cEN
_mCOE
_hN
999 _c145860
_d145860